Best players of the 2010's (NBA) - Statistics

General Stats
  • This quiz has been taken 47 times
  • The average score is 25 of 27
Answer Stats
Teams Answer % Correct
OKC I HOU I BKN I PHI James Harden
100%
OKC I GSW I BKN I PHX Kevin Durant
100%
CLE I MIA I LAL LeBron James
100%
OKC I HOU I WAS I LAL I LAC Russell Westbrook
100%
GSW Stephen Curry
100%
NOP I LAL Anthony Davis
98%
GSW Draymond Green
98%
SAS I TOR I LAC Kawhi Leonard
98%
IND I OKC I LAC Paul George
98%
NOH I LAC I HOU I OKC I PHX I GSW Chris Paul
95%
GSW Klay Thompson
95%
LAL Kobe Bryant
95%
DEN Nikola Jokic
95%
DAL Dirk Nowitzki
93%
MIA I CHI I CLE Dwyane Wade
93%
PHI Joel Embiid
93%
MIL Giannis Antenekunmpo
91%
CHI I MIN I PHI I MIA Jimmy Butler
91%
DEN I NYK I OKC I HOU I POR I LAL Carmelo Anthony
88%
TOR I SAS I CHI DeMar DeRozan
88%
SAS Tim Duncan
88%
CLE I BOS I BKN I DAL Kyrie Irving
86%
MEM I TOR I LAL Marc Gasol
86%
MEM I LAL I CHI I SAS I MIL Pau Gasol
86%
CLE I MIN I MIA Kevin Love
84%
CHI I CLE I MIN I DET I MEM Derrick Rose
77%
MEM I HOU I TOR I MIA Kyle Lowry
63%
No matching quizzes found
Score Distribution
Percent of People with Each Score
Percentile by Number Answered
Your Score History
You have not taken this quiz